[Event "Amber-rapid 6th"]
[Site "Monte Carlo"]
[Date "1997.??.??"]
[Round "3"]
[White "Ivanchuk, Vassily"]
[Black "Karpov, Anatoly"]
[Result "1/2-1/2"]
[WhiteElo "2740"]
[BlackElo "2760"]

1.e4 c6 2.d4 d5 3.Nd2 dxe4 4.Nxe4 Nd7 5.Nf3 Ngf6 6.Ng3 e6 7.Bd3 c5 8.O-O Be7
9.Qe2 O-O 10.Rd1 Qc7 11.c4 Re8 12.dxc5 Nxc5 13.Bc2 Ncd7 14.Ba4 Rd8 15.Bc2 b6
16.b3 Bb7 17.Bb2 Nf8 18.Ne4 Nxe4 19.Bxe4 Ng6 20.g3 Rac8 21.h4 Bc5 22.Kg2 Nf8
23.a3 a5 24.Bxb7 Qxb7 25.Rd3 Rxd3 26.Qxd3 Qe7 27.Bd4 h6 28.Bxc5 Qxc5 29.a4 Ng6
30.Rd1 Ne5 31.Nxe5 Qxe5 32.Qd7 Qe4+ 33.Kg1 Rf8 34.Qc7 f5 35.Rd7 Qe1+ 36.Kg2 Qe4+
37.Kh2 Qg4 38.Rd8 Rxd8 39.Qxd8+ Kh7 40.Qxb6 f4 41.Qc7 fxg3+ 42.Qxg3 Qf5 43.Qe3 Qg4
44.Qd3+ Kg8 45.Qg3 Qf5 46.Kg1 Qb1+ 47.Kg2 Qe4+ 48.Kh3 Qh1+ 49.Kg4 Qe4+ 50.f4 Qf5+
51.Kf3 Qd3+ 52.Kg2 Qc2+ 53.Kf1 Qd1+ 54.Kf2 Qc2+ 55.Kg1 Qd1+ 56.Kh2 Qc2+ 57.Kh3 Qf5+
58.Qg4 Qd3+ 59.Kg2 Qc2+ 60.Kf1 Qe4 61.h5 Kf8 62.Kf2 Qd4+ 63.Kg2 Qb2+ 64.Kf1 Qxb3
65.Qxe6 Qxa4 66.Qd6+ Kf7 67.c5 Qc4+ 68.Kf2 Qc2+ 69.Kg3 Qb3+ 70.Kh4 Qe6 71.Qb6 a4
72.c6 a3 73.Qb7+ Qe7+ 74.Kg3 a2 75.Qb3+ Qe6 76.Qb7+ Qe7 77.Qb3+ Qe6 78.Qb7+  1/2-1/2

[Event "Amber-rapid 6th"]
[Site "Monte Carlo"]
[Date "1997.??.??"]
[Round "4"]
[White "Ivanchuk, Vassily"]
[Black "Ljubojevic, Ljubomir"]
[Result "1/2-1/2"]
[WhiteElo "2740"]
[BlackElo "2570"]

1.e4 e6 2.d4 d5 3.Nc3 dxe4 4.Nxe4 Nd7 5.Nf3 Ngf6 6.Nxf6+ Nxf6 7.Bg5 Be7 8.Bc4 c5
9.Qe2 Qa5+ 10.Bd2 Qb6 11.O-O-O cxd4 12.g4 O-O 13.g5 Ne8 14.h4 Nd6 15.Bd3 Bd7
16.g6 Bb5 17.Bg5 Bxd3 18.Rxd3 Nf5 19.gxh7+ Kh8 20.Bxe7 Nxe7 21.Nxd4 Rad8
22.Rhd1 Qa6 23.Qf3 e5 24.Nb3 Rxd3 25.Rxd3 Nc6 26.a3 Qc4 27.h5 e4 28.Qf4 Ne5
29.Rd4 Qf1+ 30.Rd1 Nd3+ 31.cxd3 Rc8+ 32.Nc5 Rxc5+ 33.Kd2 Qxd3+ 34.Ke1 Qf3
35.Qxf3 exf3 36.Rd7 Re5+ 37.Kd1 Re2 38.Rxb7 Rxf2 39.Rxf7 Rxb2 40.Rxf3 Kxh7
41.Rf5 Kh6  1/2-1/2

[Event "Amber-blind 6th"]
[Site "Monte Carlo"]
[Date "1997.??.??"]
[Round "5"]
[White "Ivanchuk, Vassily"]
[Black "Topalov, Veselin"]
[Result "1/2-1/2"]
[WhiteElo "2740"]
[BlackElo "2725"]

1.d4 Nf6 2.Nf3 g6 3.g3 Bg7 4.Bg2 O-O 5.O-O d6 6.Nc3 d5 7.Re1 Bf5 8.Nh4 Bg4
9.Bg5 c6 10.Qd2 Nbd7 11.f3 Be6 12.e4 c5 13.exd5 cxd4 14.dxe6 dxc3 15.bxc3 Qb6+
16.Kh1 fxe6 17.Rab1 Qc7 18.Rxe6 Nc5 19.Bf4 Qd8 20.Re2 Qxd2 21.Bxd2 Nd5 22.f4 Rad8
23.c4 Nc3 24.Bxc3 Bxc3 25.Bxb7 Nxb7 26.Rxb7 e5 27.Rb3 Rd1+ 28.Kg2 Ba5 29.Rxe5 Rd2+
30.Kh3 Bc7 31.Re7 Bb6 32.Rd3 Rxd3 33.cxd3 Rd8 34.Nf3 Rxd3 35.Ng5 h6 36.Ne4 Kf8
37.Rb7 Rd4 38.c5 Rxe4 39.cxb6 axb6 40.Rxb6 Kf7 41.Rb2 Ra4 42.Kg2 Ra3 43.Kf2 Kf6
44.Ke2 Kf5 45.Kd2 g5 46.fxg5 hxg5 47.Kc2 Kg4 48.Kb1 Ra5 49.Rb8 Ra7 50.Rb5 Rh7
51.Rb2 Ra7 52.Rf2 Kh3 53.Kb2 g4 54.a3 Rb7+ 55.Ka2 Rb2+  1/2-1/2

[Event "Amber-rapid 6th"]
[Site "Monte Carlo"]
[Date "1997.??.??"]
[Round "7"]
[White "Ivanchuk, Vassily"]
[Black "Lautier, Joel"]
[Result "1/2-1/2"]
[WhiteElo "2740"]
[BlackElo "2630"]

1.c4 c5 2.g3 Nf6 3.Bg2 Nc6 4.Nc3 e6 5.Nf3 d5 6.cxd5 Nxd5 7.O-O Be7 8.d4 O-O
9.Rb1 h6 10.Re1 Re8 11.e4 Nb6 12.dxc5 Bxc5 13.Qxd8 Rxd8 14.e5 Bb4 15.Bf1 Bd7
16.Bd2 Be8 17.a3 Be7 18.Rbd1 Na5 19.Nb5 Bxb5 20.Bxa5 Bxf1 21.Kxf1 Rac8 22.Bxb6 axb6
23.h4 Kf8 24.Rxd8+  1/2-1/2

[Event "Amber-rapid 6th"]
[Site "Monte Carlo"]
[Date "1997.??.??"]
[Round "8"]
[White "Shirov, Alexei"]
[Black "Ivanchuk, Vassily"]
[Result "1/2-1/2"]
[WhiteElo "2690"]
[BlackElo "2740"]

1.e4 c5 2.Nf3 Nc6 3.d4 cxd4 4.Nxd4 g6 5.c4 Nf6 6.Nc3 d6 7.Be2 Nxd4 8.Qxd4 Bg7
9.Bg5 O-O 10.Qd2 Be6 11.O-O a6 12.Rac1 Qa5 13.b3 b5 14.Nd5 Qxd2 15.Nxe7+ Kh8
16.Bxd2 Rfe8 17.Nc6 Nxe4 18.Bb4 Bd7 19.cxb5 axb5 20.Bxb5 Rxa2 21.Rfe1 h5
22.Re2 Rxe2 23.Bxe2 Nc5 24.Bb5 Nxb3 25.Rd1 Bf8 26.h3 Kg8 27.Bxd6 Bxc6 28.Bxc6 Rd8
29.Ba4 Rxd6  1/2-1/2

[Event "Amber-blind 6th"]
[Site "Monte Carlo"]
[Date "1997.??.??"]
[Round "8"]
[White "Ivanchuk, Vassily"]
[Black "Shirov, Alexei"]
[Result "1/2-1/2"]
[WhiteElo "2740"]
[BlackElo "2690"]

1.e4 e5 2.Nf3 Nc6 3.Bb5 a6 4.Ba4 Nf6 5.O-O Bc5 6.c3 b5 7.d4 bxa4 8.dxc5 Nxe4
9.Nxe5 Nxe5 10.Qd5 Bb7 11.Qxe5+ Qe7 12.Qxe7+ Kxe7 13.Re1 Kd8 14.Be3 Re8 15.Na3 Rb8
16.f3 Nf6 17.Bd4 Rxe1+ 18.Rxe1 Bd5 19.c4 Be6 20.Kf2 Ng8 21.c6 f6 22.cxd7 Kxd7
23.Rd1 Ke8 24.Ke3 Ne7 25.Kd2 Rd8 26.Kc1 Nf5 27.Bf2 Rxd1+ 28.Kxd1 Nd6 29.b3 axb3
30.axb3 Kd7 31.Kd2 h5 32.Nb1 g5 33.Nc3 g4 34.Na4 Nb7 35.fxg4 hxg4 36.Bd4 Ke7
37.Ke3 Kf7 38.Kf4 Bd7 39.Nb2 Na5 40.b4 Nc6 41.Bc3 Be6 42.Nd1 Bxc4 43.Ne3 Ne7
44.Nxc4 Nd5+ 45.Kxg4 Nxc3 46.Na5 Nd5 47.Nc6 Kg6 48.Kf3 f5 49.g3 Kg5 50.h3 Kh5
51.h4 Kg6 52.Ne5+ Kg7 53.Nd3 Kh6 54.g4 fxg4+ 55.Kxg4 Ne3+ 56.Kf4 Nc2 57.Ke5 Kh5
58.Kd5 Nxb4+  1/2-1/2

[Event "Amber-blind 6th"]
[Site "Monte Carlo"]
[Date "1997.??.??"]
[Round "11"]
[White "Van Wely, Loek"]
[Black "Ivanchuk, Vassily"]
[Result "0-1"]
[WhiteElo "2645"]
[BlackElo "2740"]

1.d4 Nf6 2.c4 e6 3.Nf3 d5 4.Nc3 c6 5.Bg5 h6 6.Bxf6 Qxf6 7.e3 Nd7 8.a3 g6
9.b4 Bg7 10.Qb3 O-O 11.Rc1 Qe7 12.cxd5 exd5 13.Bd3 Nb6 14.O-O Be6 15.a4 Rfb8
16.Nd2 a5 17.bxa5 Nd7 18.Qc2 Rxa5 19.Nb3 Raa8 20.a5 c5 21.dxc5 Nxc5 22.Nxd5 Bxd5
23.Nxc5 Rc8 24.Be4 Rxc5 25.Qxc5 Qxe4 26.f3 Qe6 27.e4 Bc6 28.Rfd1 Qa2 29.Qb6 Rxa5
30.Rd8+ Kh7 31.Kh1 Rb5 32.Qc7 Rb2 33.Rg1 h5 34.Qe7 Rb1 35.Rdd1 Rxd1 36.Rxd1 Qe2
37.Rc1 f5 38.Qh4 fxe4 39.Re1 Qc4 40.fxe4 b5 41.Qf4 b4 42.Rc1 Qd4 43.h3 Bxe4  0-1

[Event "Amber-rapid 6th"]
[Site "Monte Carlo"]
[Date "1997.??.??"]
[Round "11"]
[White "Ivanchuk, Vassily"]
[Black "Van Wely, Loek"]
[Result "1-0"]
[WhiteElo "2740"]
[BlackElo "2645"]

1.c4 g6 2.d4 Bg7 3.Nc3 Nf6 4.e4 d6 5.Be2 O-O 6.Nf3 e5 7.O-O Nc6 8.d5 Ne7
9.Ne1 Ne8 10.Be3 f5 11.f3 f4 12.Bf2 g5 13.c5 Ng6 14.cxd6 Nxd6 15.Nd3 Rf6
16.Rc1 h5 17.Nc5 Nf8 18.Nb5 Nxb5 19.Bxb5 Rg6 20.Qe1 g4 21.Bh4 Bf6 22.Bxf6 Qxf6
23.Nd3 Rg7 24.Qa5 Qd6 25.Qb4 Ng6 26.Qxd6 cxd6 27.Kf2 Nh4 28.Rg1 g3+ 29.hxg3 fxg3+
30.Ke3 a6 31.Ba4 b5 32.Bb3 Bd7 33.f4 exf4+ 34.Nxf4 Re8 35.Nxh5 Rg6 36.Rcf1 Rf8
37.Rf4 Rxf4 38.Nxf4 Rf6 39.Rh1 Rh6 40.Rc1 Rh7 41.Rc6 Re7 42.Rxa6 Kf8 43.Ra8+ Kg7
44.Nh5+ Kg6 45.Nxg3 Nxg2+ 46.Kd4 Kg5 47.Rg8+ Kf4 48.Bd1 Be8 49.Rg4+  1-0

[Event "Amber-rapid 7th"]
[Site "Monte Carlo"]
[Date "1998.03.13"]
[Round "1"]
[White "Ivanchuk, Vassily"]
[Black "Ljubojevic, Ljubomir"]
[Result "1-0"]
[WhiteElo "2740"]
[BlackElo "2565"]

1.e4 c5 2.Nf3 d6 3.d4 cxd4 4.Nxd4 Nf6 5.Nc3 a6 6.Be3 e5 7.Nb3 Be6 8.Qd2 Nbd7
9.f3 h5 10.Nd5 Nxd5 11.exd5 Bf5 12.Be2 Be7 13.O-O O-O 14.Na5 Qc8 15.Rac1 Bg6
16.b4 Bd8 17.Nb3 a5 18.bxa5 Nc5 19.Rfd1 b6 20.Bb5 f6 21.axb6 Bxb6 22.Bc6 Rxa2
23.Nxc5 Bxc5 24.Bxc5 dxc5 25.Qc3 Be8 26.Qxc5 Ra6 27.Ra1 Bxc6 28.Rxa6 Qxa6
29.dxc6 Qe2 30.Qd5+ Kh7 31.Qd3+ Qxd3 32.cxd3 Rc8 33.Rc1 Kg6 34.Kf2 Kf5 35.Ke3 Ke6
36.c7 Kd6 37.Ke4 g6 38.g4 hxg4 39.fxg4 Rxc7 40.Rxc7 Kxc7 41.g5 f5+ 42.Kxe5 Kd7
43.h4 Ke7 44.d4 Kd7 45.h5 gxh5 46.Kxf5 Ke7 47.Kf4 Ke6 48.Kg3  1-0

[Event "Amber-blind 7th"]
[Site "Monte Carlo"]
[Date "1998.03.13"]
[Round "1"]
[White "Ljubojevic, Ljubomir"]
[Black "Ivanchuk, Vassily"]
[Result "1/2-1/2"]
[WhiteElo "2565"]
[BlackElo "2740"]

1.e4 Nf6 2.e5 Nd5 3.d4 d6 4.Nf3 dxe5 5.Nxe5 Nd7 6.Nf3 e6 7.c4 N5f6 8.Nc3 Bb4
9.Qc2 b6 10.a3 Bxc3+ 11.Qxc3 Bb7 12.Be2 O-O 13.O-O Ne4 14.Qc2 f5 15.b4 Rf6
16.Rd1 Qe7 17.Ne5 Nxe5 18.dxe5 Rg6 19.Bh5 Rxg2+ 20.Kxg2 Nd2+ 21.f3 Qg5+ 22.Kf2 Qh4+
23.Kg1 Qg5+ 24.Kf2 Qxh5 25.Qxd2 Qxf3+ 26.Ke1 Qh1+ 27.Kf2 Qxh2+ 28.Kf1 Qh1+
29.Kf2 Qh4+ 30.Kg1 h6 31.Bb2 Qg3+ 32.Kf1 Qh3+ 33.Kg1 Qg4+ 34.Kf2 Kh7 35.Qe2 Qf4+
36.Ke1 Bf3 37.Rd4 Qxd4 38.Bxd4 Bxe2 39.Kxe2 Rd8 40.Ke3 g5 41.c5 h5 42.cxb6 cxb6
43.Rc1 h4 44.Rc7+ Kg6 45.Re7 h3 46.Rxe6+ Kh5 47.Re7 Kg4 48.e6 h2 49.Rh7 Kg3
50.Rh5 f4+ 51.Ke4 Re8 52.Kf5 g4 53.Be5 Rf8+ 54.Kg5 Rg8+ 55.Kf5 Rf8+ 56.Kg5 Rg8+
57.Kf5 Rf8+  1/2-1/2

[Event "Amber-blind 7th"]
[Site "Monte Carlo"]
[Date "1998.03.14"]
[Round "2"]
[White "Ivanchuk, Vassily"]
[Black "Shirov, Alexei"]
[Result "1-0"]
[WhiteElo "2740"]
[BlackElo "2710"]

1.e4 e5 2.Nf3 Nc6 3.Bb5 Nf6 4.O-O Nxe4 5.d4 Nd6 6.Bxc6 dxc6 7.dxe5 Nf5 8.Qxd8+ Kxd8
9.Nc3 Ne7 10.h3 Ng6 11.Bg5+ Ke8 12.Rad1 Be6 13.Nd4 Bb4 14.Nxe6 fxe6 15.Ne4 Nxe5
16.Bf4 Nf7 17.Bxc7 Rc8 18.Bg3 Rd8 19.c4 Be7 20.Bf4 Rf8 21.b3 b6 22.f3 Bf6
23.Rxd8+ Kxd8 24.Rd1+ Ke7 25.Kf1 c5 26.Be3 Rd8 27.Rxd8 Nxd8 28.Ke2 Nc6 29.Bd2 Bd4
30.g4 g6 31.Bg5+ Kf7 32.Bh4 h6 33.Be1 Be5 34.Bd2 h5 35.Kd3 hxg4 36.fxg4 Bc7
37.Ng5+ Ke7 38.Ke4 Be5 39.Nf3 Bb2 40.h4 Kf6 41.h5 gxh5 42.gxh5 Kg7 43.Ng5 Nd8
44.Bf4 Kf6 45.h6 Kg6 46.h7 Nc6 47.Bd2 Nd8 48.Bf4 Nc6 49.Nxe6 Kxh7 50.Bd2 Ne7
51.Nc7 Kg6 52.Nb5 Kf7 53.Nxa7 Ke6 54.Bg5 Nf5 55.Bd8 Nd6+ 56.Kd3 Kd7 57.Bxb6 Nb7
58.a4 Ba3 59.Ke4  1-0

[Event "Amber-rapid 7th"]
[Site "Monte Carlo"]
[Date "1998.03.14"]
[Round "2"]
[White "Shirov, Alexei"]
[Black "Ivanchuk, Vassily"]
[Result "1-0"]
[WhiteElo "2710"]
[BlackElo "2740"]

1.e4 e5 2.Nf3 Nc6 3.Bb5 a6 4.Ba4 Nf6 5.O-O Bc5 6.c3 b5 7.Bc2 d5 8.d4 dxe4
9.Nxe5 Nxe5 10.dxe5 Qxd1 11.Rxd1 Ng4 12.Bxe4 Rb8 13.Bc6+ Ke7 14.Bg5+ Ke6
15.Bh4 Nxe5 16.Bd5+ Kf5 17.Nd2 Bb7 18.Ne4 Bb6 19.Ng3+ Kg6 20.Bb3 f6 21.Ne2 Rhe8
22.Nf4+ Kh6 23.Nd5 Bxd5 24.Bxd5 Ng6 25.Bg3 f5 26.h4 f4 27.Bh2 Rf8 28.g3 Rbe8
29.Re1 Ne5 30.gxf4 Nd3 31.Rxe8 Rxe8 32.Kf1 Kg6 33.f3 Nxb2 34.Be4+ Kf6 35.f5 Na4
36.Rc1 Nc5 37.Bb1 Re3 38.Bg1 Rxf3+ 39.Kg2 Rf4 40.Bd4+ Kf7 41.Kg3 Rxd4 42.cxd4 Nb7
43.Kf4 Nd6 44.Ke5 a5 45.Bd3 b4 46.h5 h6 47.Rf1 Ke7 48.Rg1 Nf7+ 49.Kd5 Ng5
50.Bc2 Kf6 51.Rg4 Kf7 52.Rg3 Kf6 53.Kc4 Ke7 54.Rg2 c6 55.Ba4 Kd6 56.Rxg5 hxg5
57.f6  1-0

[Event "Amber-rapid 7th"]
[Site "Monte Carlo"]
[Date "1998.03.16"]
[Round "4"]
[White "Ivanchuk, Vassily"]
[Black "Karpov, Anatoly"]
[Result "0-1"]
[WhiteElo "2740"]
[BlackElo "2735"]

1.e4 c6 2.d4 d5 3.e5 Bf5 4.Nf3 e6 5.Be2 Ne7 6.O-O c5 7.dxc5 Nec6 8.Be3 Nd7
9.c4 dxc4 10.Na3 Bxc5 11.Bxc5 Nxc5 12.Nxc4 O-O 13.Qc1 Nd3 14.Qe3 Qd5 15.Nd6 Ndxe5
16.Rfd1 Nxf3+ 17.Bxf3 Qe5 18.Qxe5 Nxe5 19.Bxb7 Rab8 20.Rd2 Nc4 21.Nxc4 Rxb7
22.f3 g5 23.Kf2 Rc7 24.b3 Kg7 25.Rad1 Kf6 26.Rd6 Rb8 27.Ne3 Rc5 28.b4 Rcc8
29.Ra6 Rb7 30.a4 Bg6 31.b5 Kg7 32.Rd4 Rc3 33.h4 h6 34.hxg5 hxg5 35.Nc4 Rc2+
36.Kg3 Kh6 37.Rc6 Ra2 38.Nd6 Re7 39.Rdc4 f5 40.Nc8 f4+ 41.Kh2 Rh7 42.Rxe6 Kg7+
43.Kg1 Ra1+ 44.Kf2 Rhh1 45.Rc7+ Kh6 46.Rcc6 Ra2+ 47.Re2 Raa1 48.Ree6 Kh5
49.Nxa7 Ra2+ 50.Re2 Bd3 51.Re6 Bxe2 52.Rxe2 Rxa4 53.Nc6 Raa1 54.Re7 Ra2+
55.Re2 Rxe2+ 56.Kxe2 Kh4 57.Kd3 Rb1 58.Kc4 Kg3 59.Nb4 Kxg2 60.b6 Rc1+ 61.Kd5 Rc8
62.Ke4 Re8+ 63.Kf5 Kxf3 64.Kxg5 Kg3 65.Nd3 f3 66.Kf5 f2 67.Nxf2 Kxf2  0-1

[Event "Amber-blind 7th"]
[Site "Monte Carlo"]
[Date "1998.03.17"]
[Round "5"]
[White "Ivanchuk, Vassily"]
[Black "Lautier, Joel"]
[Result "1-0"]
[WhiteElo "2740"]
[BlackElo "2645"]

1.e4 c5 2.Nf3 Nc6 3.d4 cxd4 4.Nxd4 e6 5.Nb5 d6 6.c4 Nf6 7.N1c3 a6 8.Na3 Be7
9.Be2 O-O 10.O-O b6 11.Be3 Bb7 12.Rc1 Rc8 13.Qb3 Nd7 14.Rfd1 Qc7 15.Rd2 Nc5
16.Qd1 Qb8 17.Nab1 Ne5 18.f3 Rfd8 19.Kh1 Ba8 20.Qg1 Kh8 21.b3 g5 22.Bd4 Nd7
23.Na4 Rc6 24.Na3 Rdc8 25.Nc2 b5 26.Nb2 b4 27.Rcd1 Rg8 28.Nd3 a5 29.Bb2 Rcc8
30.Nd4 Bc6 31.Qe3 Rg6 32.c5 Nxc5 33.Nxc5 dxc5 34.Nf5 exf5 35.exf5 f6 36.fxg6 hxg6
37.f4 gxf4 38.Qh3+ Kg7 39.Bxe5 fxe5 40.Qe6 Rc7 41.Qxe5+ Bf6 42.Rd7+ Bxd7
43.Rxd7+ Rxd7 44.Qxb8 Re7 45.Qb5 Bd4 46.g3 g5 47.Kg2 Kf6 48.Bg4 Re1 49.Qxa5 Ra1
50.Kh3 Re1 51.Qd8+ Kg6 52.Qd6+ Kg7 53.Bh5  1-0

[Event "Amber-rapid 7th"]
[Site "Monte Carlo"]
[Date "1998.03.17"]
[Round "5"]
[White "Lautier, Joel"]
[Black "Ivanchuk, Vassily"]
[Result "0-1"]
[WhiteElo "2645"]
[BlackElo "2740"]

1.d4 Nf6 2.c4 g6 3.Nc3 d5 4.Bf4 Bg7 5.e3 c5 6.dxc5 Qa5 7.Qb3 Bd7 8.Be5 dxc4
9.Bxc4 O-O 10.Nf3 Na6 11.O-O Nxc5 12.Qc2 b5 13.Bd5 Rac8 14.a3 Bf5 15.Qd2 Nd3
16.Bxf6 Bxf6 17.Ne4 Qxd2 18.Nxf6+ exf6 19.Nxd2 Rfd8 20.e4 Be6 21.Bxe6 fxe6
22.Nf3 e5 23.b4 Nb2 24.Rfb1 Na4 25.h4 Kf7 26.Kf1 Ke6 27.Rc1 Nc3 28.Re1 Rc4
29.Rac1 Rd3 30.Rc2 Rxe4 31.Rxe4 Nxe4 32.Rc6+ Rd6 33.Rc7 Rd7 34.Rc6+ Kd5 35.Rc8 Kd6
36.Ne1 Kd5 37.Nc2 Ke6 38.f3 Ng3+ 39.Ke1 Nf5 40.Rc5 a6 41.h5 gxh5 42.a4 bxa4
43.Ra5 Rd6 44.Rxa4 h4 45.Ra5 h5 46.Ke2 Ne7 47.Ke1 Nd5 48.Kf1 Rc6 49.Ne1 Nxb4
50.Ra4 Rb6 51.Ke2 Kf5 52.Kd2 Kg5 53.Ke2 Nd5 54.Ra5 Nf4+ 55.Kf1 Rb1 56.Kf2 h3
57.gxh3 Nxh3+ 58.Ke2 Nf4+ 59.Kf2 Rb6 60.Rc5 h4 61.Rc8 Rb2+ 62.Kf1 h3 63.Rg8+ Kf5  0-1

[Event "Amber-blind 7th"]
[Site "Monte Carlo"]
[Date "1998.03.18"]
[Round "6"]
[White "Topalov, Veselin"]
[Black "Ivanchuk, Vassily"]
[Result "1-0"]
[WhiteElo "2740"]
[BlackElo "2740"]

1.e4 c5 2.Nf3 d6 3.d4 Nf6 4.Nc3 cxd4 5.Nxd4 Bd7 6.f3 e5 7.Nb3 a5 8.a4 Be7
9.Be3 Na6 10.Bb5 O-O 11.Bxd7 Qxd7 12.Nxa5 d5 13.Nxd5 Nxd5 14.exd5 Rfc8 15.c3 Bh4+
16.g3 Bd8 17.Nb3 b5 18.O-O bxa4 19.Nd2 Nc5 20.c4 Qb7 21.Bxc5 Rxc5 22.Rxa4 Rca5
23.Rxa5 Bxa5 24.Qc2 Rb8 25.Ra1 Bb6+ 26.c5  1-0

[Event "Amber-rapid 7th"]
[Site "Monte Carlo"]
[Date "1998.03.22"]
[Round "9"]
[White "Van Wely, Loek"]
[Black "Ivanchuk, Vassily"]
[Result "0-1"]
[WhiteElo "2605"]
[BlackElo "2740"]

1.Nf3 Nf6 2.c4 e6 3.Nc3 d5 4.d4 c5 5.cxd5 Nxd5 6.e4 Nxc3 7.bxc3 cxd4 8.cxd4 Nc6
9.Bc4 b5 10.Be2 a6 11.O-O Be7 12.a4 b4 13.d5 Na5 14.Bf4 exd5 15.exd5 O-O
16.d6 Bf6 17.Rb1 Bc3 18.Bd3 h6 19.Bc2 Be6 20.Qd3 g6 21.Bxh6 Bc4 22.Qd1 Re8
23.Rxb4 Bxf1 24.Kxf1 Re6 25.Re4 Qxd6 26.Qxd6 Rxd6 27.h4 Rc8 28.Bf4 Rdd8 29.Bg5 Rd7
30.Ke2 Rb8 31.Bc1 Nc6 32.Rc4 Nd4+ 33.Nxd4 Bxd4 34.g4 Re8+ 35.Kf3 Re1 36.Bf4 Rf1
37.Bg3 Bxf2 38.Kg2 Bxg3 39.Kxf1 Bxh4 40.Ke2 Kg7 41.Bd3 a5 42.Re4 Bf6 43.Bc4 Bc3
44.Re3 Bb4 45.Rd3 Re7+ 46.Re3 Rc7 47.Bb3 f6 48.Re6 Rd7 49.Kf3 Kh6 50.Bc2 Rc7
51.Bd3 Rc3 52.Ke2 Kg5 53.Re8 Ra3 54.Rg8 Kf4 55.Rxg6 Ra2+ 56.Kf1 Bc3 57.Bb5 Kf3
58.Bc6+ Kg3 59.Rg8 Rf2+ 60.Kg1 Bd4 61.Bb5 Rf3+ 62.Kh1 Rc3  0-1

[Event "Amber-rapid 7th"]
[Site "Monte Carlo"]
[Date "1998.03.26"]
[Round "11"]
[White "Sadler, Matthew"]
[Black "Ivanchuk, Vassily"]
[Result "0-1"]
[WhiteElo "2650"]
[BlackElo "2740"]

1.d4 Nf6 2.Nf3 g6 3.Nc3 Bg7 4.e4 d6 5.Be3 a6 6.Qd2 b5 7.Bh6 O-O 8.Bd3 Nc6
9.e5 dxe5 10.dxe5 Ng4 11.Bxg7 Kxg7 12.Qf4 Ncxe5 13.Nxe5 Qd6 14.Nxg6 hxg6
15.Qxd6 cxd6 16.Be2 Nf6 17.Bf3 Ra7 18.O-O-O Rc7 19.Rd4 Be6 20.Re1 Rfc8 21.Kb1 Rc5
22.Re2 R8c7 23.Ne4 Nxe4 24.Bxe4 g5 25.f3 Kf6 26.c3 a5 27.a3 Rc4 28.Red2 R7c5
29.Kc1 Re5 30.Kd1 Bf5 31.Bxf5 Kxf5 32.Rxc4 bxc4 33.Rd4 Rb5 34.Kc2 d5 35.a4 Rc5
36.h4 e5 37.Rg4 f6 38.h5 Rc7 39.Rg3 Kf4 40.Rh3 Rh7 41.Kd2 g4 42.Rh4 f5 43.fxg4 fxg4
44.Rh1 Kg3 45.h6 Kxg2 46.Rh5 Kf3 47.Rxe5 Rxh6 48.Rxd5 Rh2+ 49.Ke1 Rh1+ 50.Kd2 g3  0-1

[Event "Presidents Cup"]
[Site "Elista"]
[Date "1998.05.07"]
[Round "1.1"]
[White "Ehlvest, Jaan"]
[Black "Ivanchuk, Vassily"]
[Result "0-1"]
[WhiteElo "2610"]
[BlackElo "2740"]

1.Nf3 Nf6 2.c4 e6 3.d4 b6 4.g3 Ba6 5.Qb3 Nc6 6.Bd2 Bb7 7.Bc3 Ne4 8.a3 Nxc3
9.Qxc3 Be7 10.Bg2 Bf6 11.e3 Ne7 12.Qd3 c5 13.Nc3 cxd4 14.exd4 Rc8 15.Nb5 d5
16.cxd5 a6 17.Nc3 Nxd5 18.Ne4 Be7 19.O-O Qc7 20.Ne5 f6 21.Nf3 Qc2 22.Qxc2 Rxc2
23.Rab1 Kf7 24.Rfe1 Rhc8 25.Bf1 h6 26.h4 b5 27.Bd3 R2c7 28.h5 Nb6 29.Ned2 Bd5
30.Nh4 f5 31.Ndf3 Bf6 32.Ne5+ Bxe5 33.Rxe5 Rc1+ 34.Re1 Rxe1+ 35.Rxe1 Na4
36.b4 Rc3 37.Ng6 Rxa3 38.Nf4 Nc3 39.Bf1 Be4 40.f3 Bxf3 41.Rxe6 Ne4 42.d5 Ra1
43.d6 Nd2 44.Re7+ Kg8  0-1

[Event "Presidents Cup"]
[Site "Elista"]
[Date "1998.05.10"]
[Round "2.1"]
[White "Zvjaginsev, Vadim"]
[Black "Ivanchuk, Vassily"]
[Result "1/2-1/2"]
[WhiteElo "2655"]
[BlackElo "2740"]

1.Nf3 Nf6 2.c4 e6 3.Nc3 Bb4 4.g3 O-O 5.Bg2 d5 6.Qb3 Nc6 7.a3 Bxc3 8.Qxc3 d4
9.Qc2 d3 10.Qxd3 Qxd3 11.exd3 e5 12.b4 Bf5 13.Bb2 Bxd3 14.b5 e4 15.bxc6 exf3
16.Bxf3 Rfe8+ 17.Kd1 Ne4 18.cxb7 Nxf2+ 19.Kc1 Rad8 20.Rg1 Nh3 21.Rd1 Nf2
22.Rg1 Nh3 23.Rd1 Nf2 24.Rg1  1/2-1/2

[Event "Presidents Cup"]
[Site "Elista"]
[Date "1998.05.12"]
[Round "2.6"]
[White "Ivanchuk, Vassily"]
[Black "Zvjaginsev, Vadim"]
[Result "1/2-1/2"]
[WhiteElo "2740"]
[BlackElo "2655"]

1.d4 Nf6 2.c4 e6 3.Nc3 Bb4 4.Qc2 c5 5.dxc5 O-O 6.a3 Bxc5 7.Nf3 b6 8.Bf4 Bb7
9.Rd1 Bxf3 10.exf3 Nc6 11.Bd3 Nh5 12.Be3 f5 13.O-O Rc8 14.f4 g5 15.b4 gxf4
16.Bc1  1/2-1/2

[Event "Presidents Cup"]
[Site "Elista"]
[Date "1998.05.12"]
[Round "2.3"]
[White "Ivanchuk, Vassily"]
[Black "Zvjaginsev, Vadim"]
[Result "1-0"]
[WhiteElo "2740"]
[BlackElo "2655"]

1.d4 Nf6 2.c4 e6 3.Nc3 Bb4 4.Qc2 c5 5.dxc5 O-O 6.a3 Bxc5 7.Nf3 b6 8.Bf4 Bb7
9.Rd1 Nh5 10.Ng5 g6 11.Bc1 Be7 12.Nf3 Bxf3 13.exf3 Bg5 14.f4 Bh6 15.g3 Nc6
16.Bg2 Rc8 17.Qa4 Bg7 18.Nb5 d5 19.cxd5 exd5 20.O-O d4 21.Rfe1 a5 22.Bh3 f5
23.Bf1 Kh8 24.Bc4 Nf6 25.Be6 Nd7 26.Qc4 Na7 27.Qf1 Nxb5 28.Qxb5 Rc7 29.b4 axb4
30.axb4 Nf6 31.Bb2 Ne4 32.Qxb6 Nxf2 33.Rxd4 Nh3+ 34.Kh1 Qe7 35.Rd2 g5 36.Bxg7+ Qxg7
37.Red1 gxf4 38.Rd8 Nf2+ 39.Qxf2  1-0

[Event "Presidents Cup"]
[Site "Elista"]
[Date "1998.05.12"]
[Round "2.7"]
[White "Ivanchuk, Vassily"]
[Black "Zvjaginsev, Vadim"]
[Result "1-0"]
[WhiteElo "2740"]
[BlackElo "2655"]

1.d4 Nf6 2.c4 e6 3.Nc3 Bb4 4.Qc2 c5 5.dxc5 O-O 6.a3 Bxc5 7.Nf3 b6 8.Bf4 Bb7
9.Rd1 Bxf3 10.exf3 Nc6 11.b4 Nh5 12.Bc1 Be7 13.Be2 f5 14.f4 Nf6 15.O-O Rc8
16.Be3 Rf7 17.Rd2 Bf8 18.Rfd1 g6 19.Bf3 Bg7 20.Nb5 d5 21.Qb3 Rd7 22.cxd5 exd5
23.Bxd5+ Kh8 24.Bxc6 Rxc6 25.Rxd7 Nxd7 26.Qd5  1-0

[Event "Presidents Cup"]
[Site "Elista"]
[Date "1998.05.14"]
[Round "3.2"]
[White "Ivanchuk, Vassily"]
[Black "Vaganian, Rafael A"]
[Result "1-0"]
[WhiteElo "2740"]
[BlackElo "2630"]

1.d4 d5 2.c4 e6 3.Nc3 Be7 4.Bf4 Nf6 5.e3 Nbd7 6.Nf3 c6 7.h3 O-O 8.Rc1 a6
9.a4 b6 10.Bd3 Bb7 11.O-O c5 12.Qe2 Ne4 13.cxd5 exd5 14.Rfd1 Qe8 15.Bxe4 dxe4
16.Nd2 g5 17.Bh2 f5 18.Nc4 Qg6 19.dxc5 Nxc5 20.Nd6 Bxd6 21.Bxd6 Nd3 22.Bxf8 Nxc1
23.Qc4+ Kxf8 24.Rd7 Bc6 25.Qb4+ Kg8 26.Qc4+ Kf8 27.Rc7 Rd8 28.Rxc6 Qf7 29.Qb4+ Kg7
30.Qxb6 Rd7 31.Rd6 Rxd6 32.Qxd6 Qf6 33.Nxe4 Qxd6 34.Nxd6 Kf6 35.b4 Ke6 36.Nb7 Kd5
37.Nc5 a5 38.Na6 Kc6 39.bxa5 Nd3 40.Kf1  1-0

[Event "Frankfurt Ordix op"]
[Site "Frankfurt"]
[Date "1998.06.20"]
[Round "1"]
[White "Niebling, Ferdinand"]
[Black "Ivanchuk, Vassily"]
[Result "0-1"]
[WhiteElo "2265"]
[BlackElo "2740"]

1.e4 c5 2.Nc3 Nc6 3.g3 g6 4.Bg2 Bg7 5.d3 d6 6.f4 e5 7.Nf3 Nge7 8.O-O O-O
9.Be3 Nd4 10.Qd2 Rb8 11.Nd1 b5 12.c3 Nxf3+ 13.Bxf3 b4 14.Nf2 exf4 15.Bxf4 Nc6
16.Bh6 bxc3 17.bxc3 Bxh6 18.Qxh6 Qf6 19.Qf4 Qe5 20.Ng4 Bxg4 21.Bxg4 Qxc3
22.Qxd6 Nd4 23.Rad1 Rb2 24.Qf4 Rxa2 25.e5 h5 26.Bxh5 Qb2 27.Rf2 Qxf2+ 28.Qxf2 Rxf2
29.Kxf2 gxh5 30.Ke3 a5 31.Ra1  0-1

[Event "Frankfurt Ordix op"]
[Site "Frankfurt"]
[Date "1998.06.20"]
[Round "2"]
[White "Ivanchuk, Vassily"]
[Black "Schaack, Harry"]
[Result "1-0"]
[WhiteElo "2740"]
[BlackElo "2310"]

1.d4 Nf6 2.c4 g6 3.Nc3 Bg7 4.e4 d6 5.f3 O-O 6.Nge2 c5 7.d5 e6 8.Ng3 exd5
9.cxd5 b6 10.Bf4 Qe7 11.Qd2 h5 12.Bg5 a6 13.a4 Nbd7 14.Be2 Re8 15.O-O Nf8
16.Rab1 h4 17.Nh1 h3 18.g3 N8h7 19.Bh6 Bh8 20.Nf2 Bd7 21.b4 c4 22.g4 b5 23.a5 Nh5
24.Be3 Qe5 25.Rfc1 Ng3 26.Bd1 g5 27.Nxh3 Bf6 28.Kg2 Nh5 29.gxh5 Bxh3+ 30.Kxh3 g4+
31.Kxg4 Kh8 32.f4 Rg8+ 33.Kh3 Qe7 34.Bd4 Qd7+  1-0

[Event "Frankfurt Ordix op"]
[Site "Frankfurt"]
[Date "1998.06.20"]
[Round "5"]
[White "Hertneck, Gerald"]
[Black "Ivanchuk, Vassily"]
[Result "1-0"]
[WhiteElo "2550"]
[BlackElo "2740"]

1.d4 Nf6 2.Nf3 e6 3.c4 b6 4.g3 Ba6 5.b3 Bb7 6.Bg2 Bb4+ 7.Bd2 Be7 8.O-O O-O
9.Nc3 Na6 10.e3 Qc8 11.Qe2 Ne4 12.Rfd1 Nxd2 13.Rxd2 d5 14.cxd5 exd5 15.Ne5 Rd8
16.a3 c5 17.dxc5 Qxc5 18.Rc2 Qd6 19.Nd3 Nc7 20.b4 Ba6 21.b5 Bxb5 22.Nxb5 Nxb5
23.Nf4 Qe5 24.Rf1 Nc3 25.Qd3 Rac8 26.Nxd5 Nxd5 27.Rxc8 Rxc8 28.Bxd5 Rc3 29.Qb5 Kf8
30.Rd1 Bxa3 31.Qd7 Qe7 32.Qh3 Kg8 33.Rd4 Rc7 34.Rf4 Qe8 35.Qf5 Bd6 36.Rc4 g6
37.Qc2 Bc5 38.Qb3 Re7 39.Kg2 Qd7 40.Re4 Rxe4 41.Bxe4 a5 42.h4 a4 43.Qc4 a3
44.h5 Kg7 45.Qc3+ f6 46.h6+ Kf7 47.Qc4+ Kf8 48.Qa6 f5 49.Bf3 Ke7 50.Qa8 Kf6
51.Qh8+ Kg5 52.Qg7 Qd2 53.Qxh7 a2 54.Qg7 Bxe3 55.h7 Qxf2+ 56.Kh3 Bd4  1-0